Normal view
MARC view
Entry Personal Name
001 - CONTROL NUMBER
- control field: 1464355
003 - CONTROL NUMBER IDENTIFIER
- control field: NLI
005 - DATE AND TIME OF LATEST TRANSACTION
- control field: 20231125160159.0
008 - FIXED-LENGTH DATA ELEMENTS
- fixed length control field: 231125|| aca||aabn | a|a d
040 ## - CATALOGING SOURCE
- Original cataloging agency: NLI
- Transcribing agency: NLI
100 ## - HEADING--PERSONAL NAME
- Personal name: Johnson, Carla C.,
- Dates associated with a name: 1969-
670 ## - SOURCE DATA FOUND
- Source citation: Work cat.: (NLI)1579440: Formation of the earth, grade 9, 2022.
